| 000 | 01453nam a22004697a 4500 | ||
|---|---|---|---|
| 001 | BR7806385 | ||
| 003 | BR-BrBNA | ||
| 005 | 20230928085738.0 | ||
| 007 | ta | ||
| 008 | 230509b bl.||||| |||| 00| 0 por d | ||
| 040 |
_aBR-BrBNA _bpor _cBiblioteca Nacional de Agricultura |
||
| 041 | _a(Por) | ||
| 072 |
_aK20; E70 _b/G514 |
||
| 090 | _ K20 BR7806385 | ||
| 100 | 1 | _aFerreira, R.J.F. | |
| 100 | 1 | _aPrado, A.C. do | |
| 100 | 1 | _aCastro, R. de F. | |
| 100 | 1 | _aWall, M.B.V. | |
| 100 | 1 | _aMachado, E. de F. | |
| 100 | 1 | _aFerreira, J.M. | |
| 100 | 1 | _aLopes, E.M. | |
| 100 | 1 | _aNascimento, P.R. do | |
| 100 | 1 | _aBezerra, R.N. | |
| 100 | 1 | _aShand, E.A. | |
| 100 | 1 | _aBeattie, W.D. | |
| 110 | 1 |
_aInstituto Brasileiro de Desenvolvimento Florestal, Brasilia, DF; _95726 |
|
| 110 | 1 | _aMinisterio da Agricultura, Brasilia, DF (Brasil). Secretaria Geral | |
| 245 | 1 | _aRoteiro para elaboracao de subsidios aos estudos perspectivos 1979-1985 (Subsetor florestal)[desenvolvimento florestal, mercado internacional, Brasil] | |
| 260 | 3 |
_aBrasilia, DF (Brasil): _c[nd]. |
|
| 300 | _a55 p. | ||
| 500 | _a13 illus.; Published after 1978 | ||
| 650 | _aDESENVOLVIMENTO FLORESTAL | ||
| 650 | _aPLANEJAMENTO FLORESTAL | ||
| 650 | _aPOLITICA FLORESTAL | ||
| 650 | _aMERCADO INTERNACIONAL | ||
| 650 | _aOFERTA | ||
| 650 | _aDEMANDA | ||
| 650 | _aPRECO | ||
| 650 | _aTRANSPORTE | ||
| 909 |
_a202309 _bLucia _c55 _dLucia Elande |
||
| 942 | _cBK | ||
| 999 |
_c26109 _d26109 |
||